[Event "Ricany op"]
[Site "Ricany"]
[Date "2023.08.27"]
[Round "3"]
[White "Hejsek, Lukas"]
[Black "Voracek, Zdenek"]
[Result "1-0"]
[WhiteElo "2081"]
[BlackElo "1882"]
[PlyCount "55"]
[EventDate "2023.08.26"]
[EventType "swiss"]
[EventRounds "9"]
[EventCountry "CZE"]
[SourceTitle "EXT 2024"]
[Source "ChessBase"]
[SourceDate "2023.10.10"]
[SourceVersion "1"]
[SourceVersionDate "2023.10.10"]
[SourceQuality "1"]

1. d4 d5 2. Nf3 Nf6 3. c4 e6 4. g3 c6 5. Bg2 Be7 6. 0-0 0-0 7. Nc3 Nbd7 8. b3 b6 9. Bb2 Ba6 10. Nd2 Rc8 11. e4 dxe4 12. Ndxe4 b5 13. c5 b4 14. Ne2 Nxe4 15. Bxe4 Nxc5 16. Bc2 Nd7 17. Re1 Nf6 18. a3 Qb6 19. Nf4 Rfd8 20. axb4 Bxb4 21. Re5 Bb5 22. Nh5 Be7 23. Qf3 Nxh5 24. Rxh5 g6 25. Rxh7 Rf8 26. d5 e5 27. Bxe5 f6 28. Qg4 1-0

[Event "Ricany op 20th"]
[Site "Ricany"]
[Date "2022.09.02"]
[Round "8"]
[White "Vetrovsky, Michal"]
[Black "Voracek, Zdenek"]
[Result "1/2-1/2"]
[WhiteElo "2122"]
[BlackElo "1891"]
[PlyCount "35"]
[EventDate "2022.08.27"]
[EventType "swiss"]
[EventRounds "9"]
[EventCountry "CZE"]
[SourceTitle "CBM 210 Extra"]
[Source "ChessBase"]
[SourceDate "2022.11.30"]
[SourceVersion "1"]
[SourceVersionDate "2022.11.30"]
[SourceQuality "1"]

1. Nf3 d5 2. d4 Nf6 3. Bf4 e6 4. e3 Be7 5. Bd3 b6 6. c3 0-0 7. Nbd2 Ba6 8. Bxa6 Nxa6 9. h3 c5 10. 0-0 Qc8 11. Qe2 Qb7 12. Rfe1 Rfd8 13. Bg5 Rac8 14. Ne5 Nc7 15. Nf1 Nce8 16. Ng4 b5 17. Nxf6+ Nxf6 18. Rec1 1/2-1/2

[Event "Ricany op 20th"]
[Site "Ricany"]
[Date "2022.08.29"]
[Round "4"]
[White "Placer, Sebastian"]
[Black "Voracek, Zdenek"]
[Result "1-0"]
[WhiteElo "2090"]
[BlackElo "1891"]
[PlyCount "85"]
[EventDate "2022.08.27"]
[EventType "swiss"]
[EventRounds "9"]
[EventCountry "CZE"]
[SourceTitle "CBM 210 Extra"]
[Source "ChessBase"]
[SourceDate "2022.11.30"]
[SourceVersion "1"]
[SourceVersionDate "2022.11.30"]
[SourceQuality "1"]

1. d4 d5 2. c4 e6 3. Nf3 Nf6 4. g3 c6 5. Qc2 dxc4 6. Qxc4 b5 7. Qc2 Qb6 8. Bg2 Bb7 9. a4 Nbd7 10. 0-0 Rc8 11. Qb3 a6 12. Na3 c5 13. axb5 Bd5 14. Qa4 axb5 15. Qxb5 Bxf3 16. exf3 cxd4 17. Qxb6 Nxb6 18. Nb5 Bc5 19. Rd1 Rd8 20. Bf4 Nfd7 21. Bc7 Ra8 22. Bxb6 Rxa1 23. Nc7+ Kd8 24. Nxe6+ Ke7 25. Rxa1 Bxb6 26. Nf4 Kd6 27. Bf1 g5 28. Nd3 Ne5 29. Nxe5 Kxe5 30. Bc4 f5 31. Re1+ Kd6 32. b3 Rf8 33. Re6+ Kc5 34. Bd3 Rd8 35. b4+ Kxb4 36. Rxb6+ Kc3 37. Bxf5 d3 38. Rc6+ Kb2 39. Bxd3 Rxd3 40. Rc5 h6 41. Rc6 Rxf3 42. Rxh6 Kc3 43. Rh5 1-0

[Event "Ricany op"]
[Site "Ricany"]
[Date "2020.08.22"]
[Round "1"]
[White "Voracek, Zdenek"]
[Black "Pejrimovska, Viola Ruby"]
[Result "1-0"]
[WhiteElo "1903"]
[BlackElo "1569"]
[PlyCount "85"]
[EventDate "2020.08.22"]
[EventType "swiss"]
[EventRounds "9"]
[EventCountry "CZE"]
[SourceTitle "CBM 198 Extra"]
[Source "ChessBase"]
[SourceDate "2020.11.30"]
[SourceVersion "1"]
[SourceVersionDate "2020.11.30"]
[SourceQuality "1"]

1. d4 Nf6 2. c4 g6 3. Nc3 Bg7 4. e4 d6 5. f3 0-0 6. Be3 e5 7. Nge2 Nbd7 8. Qd2 c5 9. dxc5 Nxc5 10. Rd1 Be6 11. Qxd6 Ncd7 12. Nd5 Bxd5 13. cxd5 Nh5 14. Nc3 a6 15. Bc4 Re8 16. Qa3 b5 17. Be2 Nf4 18. Kf2 Bh6 19. h4 Nf6 20. g3 Nxe2 21. Nxe2 Bxe3+ 22. Qxe3 Nd7 23. Rc1 Nb6 24. b3 Rc8 25. Rxc8 Nxc8 26. Rc1 Qd7 27. Kg2 Na7 28. Qb6 Rc8 29. Rxc8+ Nxc8 30. Qxa6 f5 31. Qc6 Qxc6 32. dxc6 fxe4 33. fxe4 Kf7 34. Nc3 Nd6 35. c7 Nc8 36. Nxb5 Ke7 37. Kf3 h5 38. Ke3 Kd7 39. Kd3 Nb6 40. Kc3 Na8 41. Kb4 Nxc7 42. Nxc7 Kxc7 43. Kc5 1-0

[Event "Ricany op-A"]
[Site "Ricany"]
[Date "2019.08.28"]
[Round "6"]
[White "Nemecek, Lukas"]
[Black "Voracek, Zdenek"]
[Result "1/2-1/2"]
[WhiteElo "1778"]
[BlackElo "1938"]
[PlyCount "84"]
[EventDate "2019.08.24"]
[EventType "swiss"]
[EventRounds "9"]
[EventCountry "CZE"]
[SourceTitle "EXT 2020"]
[Source "ChessBase"]
[SourceDate "2019.10.17"]
[SourceVersion "1"]
[SourceVersionDate "2019.10.17"]
[SourceQuality "1"]

1. e4 Nf6 2. Nc3 d5 3. exd5 Nxd5 4. Bc4 e6 5. Nf3 Nxc3 6. bxc3 Nd7 7. d4 c5 8. 0-0 Be7 9. Qe2 0-0 10. Re1 Nb6 11. Bf4 Nxc4 12. Qxc4 Bd7 13. Ne5 Rc8 14. Rad1 Bf6 15. dxc5 Bxe5 16. Bxe5 f6 17. Bg3 Rc6 18. Qa4 a6 19. Qb3 Qc8 20. Bd6 Re8 21. Rd2 Kh8 22. Rd3 e5 23. Rb1 Be6 24. Qxb7 Bxa2 25. Qxc8 Rexc8 26. Rb7 Ra8 27. Rg3 g6 28. Rf3 Bd5 29. Rh3 h5 30. Rb6 a5 31. c4 Rxb6 32. cxb6 Bc6 33. Ra3 Kg7 34. Kf1 Kf7 35. c5 a4 36. Ke2 Ke6 37. c4 Kd7 38. f3 Kc8 39. Kd2 Kb7 40. Kc3 Re8 41. Kb4 g5 42. Re3 Ra8 1/2-1/2

[Event "Ricany op"]
[Site "Ricany"]
[Date "2016.08.31"]
[Round "6"]
[White "Voracek, Zdenek"]
[Black "Konvalinka, Vladislav"]
[Result "1-0"]
[WhiteElo "1977"]
[BlackElo "1696"]
[PlyCount "43"]
[EventDate "2016.08.27"]
[EventType "swiss"]
[EventRounds "9"]
[EventCountry "CZE"]
[SourceTitle "CBM 174 Extra"]
[Source "ChessBase"]
[SourceDate "2016.10.10"]
[SourceVersion "1"]
[SourceVersionDate "2016.10.10"]
[SourceQuality "1"]

1. d4 d5 2. c4 c6 3. Nf3 dxc4 4. a4 Nf6 5. Nc3 Bf5 6. e3 e6 7. Bxc4 Bb4 8. 0-0 Nbd7 9. Qb3 a5 10. Na2 Be7 11. Bd2 Qb6 12. Nc1 Nd5 13. Re1 Qxb3 14. Nxb3 Nb4 15. e4 Bg4 16. Rec1 0-0 17. Kf1 Nf6 18. Ne5 Bh5 19. f3 Rfc8 20. g4 Bg6 21. h4 h5 22. Nxg6 1-0

[Event "CZE-chT2C 1314"]
[Site "Czech Republic"]
[Date "2014.01.19"]
[Round "6.6"]
[White "Kaplan, Daniel"]
[Black "Voracek, Zdenek"]
[Result "1-0"]
[WhiteElo "2070"]
[BlackElo "2038"]
[PlyCount "49"]
[EventDate "2013.11.03"]
[EventType "team-tourn"]
[EventRounds "11"]
[EventCountry "CZE"]
[SourceTitle "EXT 2015"]
[Source "ChessBase"]
[SourceDate "2014.11.20"]
[SourceVersion "1"]
[SourceVersionDate "2014.11.20"]
[SourceQuality "1"]
[WhiteTeam "Kolin"]
[BlackTeam "Ricany"]
[WhiteTeamCountry "CZE"]
[BlackTeamCountry "CZE"]

1. d4 Nf6 2. c4 e6 3. Nf3 d5 4. e3 Nbd7 5. Be2 dxc4 6. Bxc4 Rb8 7. 0-0 b5 8. Be2 c5 9. dxc5 Bxc5 10. Nd4 Bxd4 11. Qxd4 0-0 12. Nc3 b4 13. Nb5 Ba6 14. Nc3 bxc3 15. Bxa6 cxb2 16. Bxb2 e5 17. Qc3 Qb6 18. Ba3 Qxa6 19. Bxf8 Kxf8 20. Rfc1 g6 21. h3 Nd5 22. Qc2 Nb4 23. Qc7 Qa4 24. Rd1 Ke8 25. Rxd7 1-0

[Event "CZE-chT2C 1213"]
[Site "Czech Republic"]
[Date "2013.02.17"]
[Round "9.7"]
[White "Voracek, Zdenek"]
[Black "Krouzel, Jaroslav"]
[Result "0-1"]
[WhiteElo "2049"]
[BlackElo "2153"]
[PlyCount "42"]
[EventDate "2012.10.14"]
[EventType "team-tourn"]
[EventRounds "11"]
[EventCountry "CZE"]
[SourceTitle "EXT 2015"]
[Source "ChessBase"]
[SourceDate "2014.11.20"]
[SourceVersion "1"]
[SourceVersionDate "2014.11.20"]
[SourceQuality "1"]
[WhiteTeam "Ricany"]
[BlackTeam "Pankrac II"]
[WhiteTeamCountry "CZE"]
[BlackTeamCountry "CZE"]

1. d4 f5 2. g3 Nf6 3. Bg2 d6 4. c4 g6 5. Nc3 Bg7 6. e4 fxe4 7. Nxe4 Nxe4 8. Bxe4 Nd7 9. h4 Nf6 10. Bf3 0-0 11. h5 gxh5 12. Bxh5 Bf5 13. Be3 Qd7 14. Ne2 Qc6 15. Rh4 Qxc4 16. Bf3 Nd5 17. Bg5 Nb4 18. d5 Qc5 19. Rc1 Nd3+ 20. Kd2 Nxc1 21. Be3 Qa5+ 0-1

[Event "CZE-chT2C 1213"]
[Site "Czech Republic"]
[Date "2013.02.03"]
[Round "8.7"]
[White "Rydl, Jiri"]
[Black "Voracek, Zdenek"]
[Result "1-0"]
[WhiteElo "1982"]
[BlackElo "2049"]
[PlyCount "69"]
[EventDate "2012.10.14"]
[EventType "team-tourn"]
[EventRounds "11"]
[EventCountry "CZE"]
[SourceTitle "EXT 2015"]
[Source "ChessBase"]
[SourceDate "2014.11.20"]
[SourceVersion "1"]
[SourceVersionDate "2014.11.20"]
[SourceQuality "1"]
[WhiteTeam "Vlasim"]
[BlackTeam "Ricany"]
[WhiteTeamCountry "CZE"]
[BlackTeamCountry "CZE"]

1. e4 Nf6 2. e5 Nd5 3. d4 d6 4. c4 Nb6 5. exd6 cxd6 6. Nc3 g6 7. h3 Bg7 8. Nf3 0-0 9. Be2 Nc6 10. Be3 d5 11. c5 Nc4 12. Bxc4 dxc4 13. 0-0 Bf5 14. Qa4 Nxd4 15. Nxd4 Bxd4 16. Rfd1 Bd3 17. Rxd3 cxd3 18. Bxd4 Qe8 19. Qc4 Rd8 20. Be3 Qd7 21. Rd1 Rfe8 22. b4 a6 23. a4 e5 24. Ne4 Qe6 25. Qc3 f5 26. Nd6 f4 27. Bc1 Re7 28. Rxd3 b6 29. Bb2 a5 30. Ne4 Rxd3 31. Qxd3 axb4 32. Qd8+ Kg7 33. cxb6 h6 34. a5 Kf7 35. b7 1-0

[Event "Ricany op"]
[Site "Ricany"]
[Date "2012.08.31"]
[Round "7"]
[White "Lacha, Jan"]
[Black "Voracek, Zdenek"]
[Result "0-1"]
[WhiteElo "1891"]
[BlackElo "2045"]
[PlyCount "92"]
[EventDate "2012.08.26"]
[EventType "swiss"]
[EventRounds "9"]
[EventCountry "CZE"]
[SourceTitle "CBM 150 Extra"]
[Source "ChessBase"]
[SourceDate "2012.10.19"]
[SourceVersion "1"]
[SourceVersionDate "2012.10.19"]
[SourceQuality "1"]

1. d4 Nf6 2. Nc3 d5 3. Bg5 Nbd7 4. Qd3 h6 5. Bh4 c6 6. Nf3 b5 7. Ne5 Qb6 8. Nxd7 Nxd7 9. e4 dxe4 10. Nxe4 Bb7 11. 0-0-0 0-0-0 12. Qb3 g5 13. Bg3 f5 14. Nc5 Nxc5 15. dxc5 Rxd1+ 16. Kxd1 Qd8+ 17. Bd3 f4 18. Qe6+ Qd7 19. Qe5 Rg8 20. Kc1 Bg7 21. Qe4 fxg3 22. Qh7 Qd8 23. hxg3 Kb8 24. Rd1 Qf8 25. c3 Rh8 26. Qe4 Qf6 27. Re1 Rd8 28. Bc2 Kc7 29. f4 a5 30. a3 Bc8 31. Qxe7+ Qxe7 32. Rxe7+ Rd7 33. Re8 Bf6 34. Rf8 Be7 35. Rh8 gxf4 36. gxf4 Bxc5 37. Rxh6 Be3+ 38. Kb1 Bxf4 39. Rf6 Be5 40. Rf8 Rg7 41. Be4 Bd6 42. Rh8 Be6 43. Ra8 Kb6 44. Rd8 Bc7 45. Rd2 Bb3 46. Bc2 a4 0-1

[Event "Ricany op"]
[Site "Ricany"]
[Date "2012.08.30"]
[Round "6"]
[White "Voracek, Zdenek"]
[Black "Kozak, Milos"]
[Result "1/2-1/2"]
[WhiteElo "2045"]
[BlackElo "2195"]
[PlyCount "54"]
[EventDate "2012.08.26"]
[EventType "swiss"]
[EventRounds "9"]
[EventCountry "CZE"]
[SourceTitle "CBM 150 Extra"]
[Source "ChessBase"]
[SourceDate "2012.10.19"]
[SourceVersion "1"]
[SourceVersionDate "2012.10.19"]
[SourceQuality "1"]

1. d4 Nf6 2. c4 e6 3. Nf3 b6 4. g3 Ba6 5. b3 Bb4+ 6. Bd2 Be7 7. Bg2 c6 8. 0-0 d5 9. Qc2 Nbd7 10. Rd1 0-0 11. Bc3 Rc8 12. Nbd2 c5 13. dxc5 bxc5 14. e3 Qb6 15. cxd5 exd5 16. Qb2 Rfe8 17. Nh4 Qe6 18. Rac1 Bf8 19. Nhf3 h6 20. Qb1 Rb8 21. Nh4 Be2 22. Re1 Bg4 23. Bh1 g5 24. Nhf3 Bf5 25. Qa1 Ne4 26. Nxe4 Bxe4 27. Nd2 Bxh1 1/2-1/2

[Event "Ricany op"]
[Site "Ricany"]
[Date "2012.08.26"]
[Round "2"]
[White "Vesselovsky, Serguei"]
[Black "Voracek, Zdenek"]
[Result "1-0"]
[WhiteElo "2360"]
[BlackElo "2045"]
[PlyCount "34"]
[EventDate "2012.08.26"]
[EventType "swiss"]
[EventRounds "9"]
[EventCountry "CZE"]
[SourceTitle "CBM 150 Extra"]
[Source "ChessBase"]
[SourceDate "2012.10.19"]
[SourceVersion "1"]
[SourceVersionDate "2012.10.19"]
[SourceQuality "1"]

1. e4 Nf6 2. e5 Nd5 3. d4 d6 4. c4 Nb6 5. f4 Bf5 6. Nc3 e6 7. Nf3 dxe5 8. fxe5 Bb4 9. Bd3 Bxd3 10. Qxd3 c5 11. 0-0 Nc6 12. Ne4 cxd4 13. c5 Nd7 14. Nd6+ Ke7 15. Ng5 f6 16. exf6+ gxf6 17. Nxe6 Kxe6 1-0

[Event "Ricany op-A"]
[Site "Ricany"]
[Date "2011.08.25"]
[Round "7"]
[White "Zvara, David"]
[Black "Voracek, Zdenek"]
[Result "1-0"]
[WhiteElo "1979"]
[BlackElo "2067"]
[PlyCount "131"]
[EventDate "2011.08.20"]
[EventType "swiss"]
[EventRounds "9"]
[EventCountry "CZE"]
[SourceTitle "CBM 144 Extra"]
[Source "ChessBase"]
[SourceDate "2011.10.28"]
[SourceVersion "1"]
[SourceVersionDate "2011.10.28"]
[SourceQuality "1"]

1. e4 Nf6 2. e5 Nd5 3. c4 Nb6 4. c5 Nd5 5. Bc4 e6 6. Nc3 Nxc3 7. dxc3 Qh4 8. Qd4 Qxd4 9. cxd4 b6 10. cxb6 axb6 11. a3 Nc6 12. Ne2 Ba6 13. Bxa6 Rxa6 14. 0-0 f6 15. f4 f5 16. Be3 Na5 17. Rac1 c6 18. Bd2 b5 19. Bxa5 Rxa5 20. Rf3 Be7 21. b4 Ra7 22. h3 Kf7 23. g4 g6 24. Rcc3 Bh4 25. Kf1 Ke7 26. Ng1 Rf8 27. Kg2 g5 28. fxg5 Bxg5 29. h4 Bxh4 30. Rh3 Bg5 31. Rxh7+ Rf7 32. Rh5 Bd2 33. Rg3 Bc1 34. gxf5 exf5 35. Rhh3 f4 36. Rb3 Rg7+ 37. Kf1 Rg3 38. Rhxg3 fxg3 39. Ne2 Rxa3 40. Nxc1 Ra1 41. Rc3 Rb1 42. Kg2 Rxb4 43. Nb3 Ke6 44. Kxg3 Kd5 45. Kf3 Ra4 46. Ke3 d6 47. exd6 Kxd6 48. Ke4 Ra8 49. Rh3 Re8+ 50. Kd3 Rg8 51. Nc5 Rg1 52. Rh6+ Kd5 53. Rh5+ Kd6 54. Ne4+ Kc7 55. Rh7+ Kb6 56. Nc5 Rg3+ 57. Ke4 Rg4+ 58. Ke5 Rg5+ 59. Kf4 Rd5 60. Ke4 Ka5 61. Rh6 Kb6 62. Nd3 Rd8 63. Ne5 Rc8 64. d5 Ka5 65. Rxc6 Rb8 66. d6 1-0